000 00922nas a22002057a 4500
003 NALT
005 20201228152642.0
008 201228b th ||||| |||| 00| 0 tha d
040 _aNALT
245 0 0 _aวารสารบริหารธุรกิจและสังคมศาสตร์ มหาวิทยาลัยรามคำแหง
246 3 1 _aJournal of Business Administration and Social Sciences Ramkhamhaeng University
260 _aคณะบริหารธุรกิจ มหาวิทยาลัยรามคำแหง
310 _aรายสี่เดือน
500 _aวารสารอิเล็กทรอนิกส์
650 _2บริหารธุรกิจ
850 _aNALT
856 _uhttps://so02.tci-thaijo.org/index.php/ibas/index
942 _cJNR
_2lcc
998 _ajintana
_j755
_k จินตนา เอี่ยมคง
999 _c97881
_d97881